Statistics for Things That are Red

Click here to take the quiz!

General Stats

  • This quiz has been taken 116,676 times
    (15,184 since last reset)
  • The average score is 15 of 22

Answer Stats

Clue Answer % Correct
What VIPs walk downRed Carpet
98%
It lies between Africa and Saudi ArabiaRed Sea
94%
World's best-selling energy drinkRed Bull
92%
Body part possessed by RudolphRed Nose
91%
Severe soccer penaltyRed Card
88%
District of AmsterdamRed Light
86%
Boston sports teamRed Sox
85%
Red-colored chocolate cakeRed Velvet
81%
Plaza near the KremlinRed Square
77%
Tom Clancy book:
"The Hunt for ___ ________"
Red October
69%
A fish that takes you in the
wrong direction?
Red Herring
68%
Unnecessary bureaucracyRed Tape
67%
British troops during
the American Revolution
Redcoats
66%
Late-night flightRed-eye
63%
German WWI aceRed Baron
62%
Type of starRed Dwarf
59%
Backwards word that appears in
the movie "The Shining"
Redrum
53%
Type of starRed Giant
51%
Band who performed
"Under the Bridge"
Red Hot
Chili Peppers
49%
Islamic version of the Red CrossRed Crescent
45%
Most common name of British pubsRed Lion
38%
Algal bloomRed Tide
23%

Score Distribution

Percentile by Number Answered

Percent of People with Each Score

Your Score History

You have not taken this quiz since the last reset